000 01632nam0a2200337 4500
001 RU\NLR\bibl\1459686
005 20260406051847.0
010 _a978-5-98187-297-6
035 _a(NLR Aleph) 001451462
090 _a1525845
_c1525845
100 _a20091006d2009 |||y0rusy50 ca
101 0 _arus
_aeng
102 _aRU
105 _aa |||||||||
200 1 _aЛеонард Эйлер
_dLeohard Euler
_eк 300-летию со дня рождения
_e[сборник статей
_fсост. доц., к.ф.-м.н. Л.И. Брылевская и др.
_gред. совет: проф., чл.-корр. РАО В.Н. Васильев отв. ред. и др.]
_zeng
210 _aСанкт-Петербург
_cНестор-История
_d2009
215 _a334, [1] с., [1] л. цв. портр.
_cил.
_d24
300 _aЧасть текста на англ. яз.
320 _aБиблиогр. в конце ст.
600 1 _aЭйлер
_bЛ.
_f1707 - 1783
_gЛеонард
_91583649
_3RU\NLR\auth\66695294
686 _aВ1д(4)Эйлер
702 1 _4570
_8ger
_7ba
_aEuler
_bL.
_f1707-1783
_gLeonhard
_3RU\NLR\auth\7765340
_948269
702 1 _aБрылевская
_bЛ. И.
_gЛариса Ивановна
_4220
702 1 _4340
_8rus
_7ca
_aВасильев
_f1951 -
_bВ. Н.
_cд-р техн. наук
_gВладимир Николаевич
_3RU\NLR\auth\777020
_9116963
702 1 _4570
_8rus
_7ca
_aЭйлер
_bЛ.
_f1707-1783
_gЛеонард
_3RU\NLR\auth\7765339
_948268
801 0 _aRU
_bNLR
_c20091006
_gRCR
801 1 _aRU
_bNLR
_c20091006
830 _aлица по кн.
942 _cBOOK
980 _aNB